000 00510nam a22001817a 4500
999 _c12300
_d12300
008 221215b 1998 ||||| |||| 00| 0 eng d
082 _a387
_bRAG
100 _aRaghuram, G.
245 _aShipping management : cases and concepts
260 _aDelhi
_bMacmillan India Limited
_c1998
300 _axiii, 487p.
650 _aSale and Acquisition
650 _aChartering
650 _aFinancial Management
700 _aAsopa, V. N.
_eCo-author
700 _aBhatnagar, Deepti
_eCo-author
942 _cGB